[Event "Jastrzebia Gora Fianchetto op"]
[Site "Jastrzebia Gora"]
[Date "2014.??.??"]
[Round "5"]
[White "Kurz, Krzysztof"]
[Black "Jackowski, Ryszard"]
[Result "0-1"]
[WhiteElo "1669"]
[BlackElo "1762"]
[PlyCount "104"]
[EventDate "2014.08.31"]
[EventType "swiss"]
[EventRounds "9"]
[EventCountry "POL"]
[SourceTitle "CBM 162 Extra"]
[Source "ChessBase"]
[SourceDate "2014.10.17"]
[SourceVersion "1"]
[SourceVersionDate "2014.10.17"]
[SourceQuality "1"]

1. e4 g6 2. Nf3 Bg7 3. d4 d6 4. c3 Nf6 5. Bd3 0-0 6. 0-0 Nc6 7. h3 e5 8. d5 Ne7 9. b4 Nd7 10. c4 b6 11. Bg5 h6 12. Bh4 a5 13. Qa4 Bb7 14. b5 Nc5 15. Qc2 Bc8 16. Nh2 g5 17. Bg3 Ng6 18. Nc3 Nf4 19. Bxf4 exf4 20. Rae1 Re8 21. Re2 Qf6 22. Na4 Nd7 23. Ng4 Qd8 24. g3 h5 25. Nh2 Ne5 26. g4 hxg4 27. Nxg4 Bxg4 28. hxg4 Nxg4 29. Kg2 Ne5 30. f3 Qf6 31. Kf2 g4 32. fxg4 Qh4+ 33. Kg1 f3 34. Rh2 Qxg4+ 35. Kh1 Kf8 36. Rg1 Qf4 37. Nc3 Kg8 38. Nd1 Kf8 39. Nf2 Bf6 40. Qc1 Qxc1 41. Rxc1 Ke7 42. Rg1 Rh8 43. Rg3 Rxh2+ 44. Kxh2 Bh4 45. Bf1 Bxg3+ 46. Kxg3 Rg8+ 47. Kf4 Rg1 48. Bh3 Rc1 49. Ng4 Nxg4 50. Bxg4 f2 51. Be2 f1Q+ 52. Bxf1 Rxf1+ 0-1

[Event "Jastrzebia Gora Fianchetto op"]
[Site "Jastrzebia Gora"]
[Date "2014.??.??"]
[Round "2"]
[White "Kurz, Krzysztof"]
[Black "Krupecka Czarkowska, Danuta"]
[Result "1-0"]
[WhiteElo "1669"]
[BlackElo "1157"]
[PlyCount "59"]
[EventDate "2014.08.31"]
[EventType "swiss"]
[EventRounds "9"]
[EventCountry "POL"]
[SourceTitle "CBM 162 Extra"]
[Source "ChessBase"]
[SourceDate "2014.10.17"]
[SourceVersion "1"]
[SourceVersionDate "2014.10.17"]
[SourceQuality "1"]

1. d4 d5 2. c4 Nc6 3. e3 Nf6 4. Nc3 e6 5. cxd5 Nxd5 6. Nf3 Bb4 7. Qc2 a5 8. Bd2 Bd7 9. Be2 Qe7 10. 0-0 0-0-0 11. Rac1 Bd6 12. a3 Na7 13. Nxd5 exd5 14. Bxa5 b6 15. Bxb6 Bb5 16. Bxa7 Bxe2 17. Qxe2 Kb7 18. Bc5 Bxc5 19. Rxc5 c6 20. Ne5 Rc8 21. Rfc1 Qc7 22. Nxc6 Qb6 23. Rb5 Rxc6 24. Rxb6+ Kxb6 25. Rxc6+ Kxc6 26. Qc2+ Kd6 27. Qc5+ Ke6 28. b4 Ra8 29. b5 Rxa3 30. Qxa3 1-0

[Event "Jastrzebia Gora Fianchetto op"]
[Site "Jastrzebia Gora"]
[Date "2014.??.??"]
[Round "3"]
[White "Kurz, Krzysztof"]
[Black "Wroblewski, Mieczyslaw"]
[Result "0-1"]
[WhiteElo "1669"]
[BlackElo "1838"]
[PlyCount "72"]
[EventDate "2014.08.31"]
[EventType "swiss"]
[EventRounds "9"]
[EventCountry "POL"]
[SourceTitle "CBM 162 Extra"]
[Source "ChessBase"]
[SourceDate "2014.10.17"]
[SourceVersion "1"]
[SourceVersionDate "2014.10.17"]
[SourceQuality "1"]

1. e4 c5 2. Nf3 d6 3. d4 cxd4 4. Nxd4 Nf6 5. Nc3 a6 6. Be2 e6 7. 0-0 Be7 8. b3 Qc7 9. Bb2 b5 10. f3 0-0 11. Bd3 Qb6 12. Nce2 e5 13. Kh1 exd4 14. Bxd4 Qc7 15. Rc1 Nc6 16. c4 Nxd4 17. Nxd4 Qb6 18. Be2 b4 19. Qd2 h6 20. Qd3 Bb7 21. Nf5 Rfe8 22. Rfd1 Rad8 23. Rc2 Bf8 24. Rcd2 Re6 25. Nd4 Re5 26. Qe3 g6 27. Qf4 Nh5 28. Qh4 Be7 29. Qh3 Bc8 30. g4 Nf4 31. Qxh6 Bg5 32. Qxg5 Rxg5 33. h4 Re5 34. Kh2 f5 35. Kg3 Nxe2+ 36. Nxe2 fxg4 0-1

[Event "Rowy op 09"]
[Site "Rowy"]
[Date "2012.09.??"]
[Round "2"]
[White "Krupecka Czarkowska, Danuta"]
[Black "Kurz, Krzysztof"]
[Result "0-1"]
[WhiteElo "1364"]
[BlackElo "1640"]
[PlyCount "89"]
[EventDate "2012.09.??"]
[EventType "swiss"]
[EventRounds "9"]
[EventCountry "POL"]
[SourceTitle "EXT 2014"]
[Source "ChessBase"]
[SourceDate "2013.11.20"]
[SourceVersion "1"]
[SourceVersionDate "2013.11.20"]
[SourceQuality "1"]

1. e4 c5 2. d4 cxd4 3. Qxd4 Nc6 4. Qd1 Nf6 5. Nc3 e6 6. Bd3 a6 7. Nge2 Be7 8. Bf4 d6 9. Qd2 b5 10. 0-0 Bb7 11. Qc1 0-0 12. Bd2 Rc8 13. Nf4 b4 14. Nce2 a5 15. b3 Ne5 16. Qd1 Nxe4 17. Be3 Nxd3 18. cxd3 Nc3 19. Qd2 Bf6 20. d4 Nxe2+ 21. Qxe2 d5 22. Nd3 Ba6 23. Rfd1 Qb6 24. Qb2 Rc3 25. Nc5 Rc8 26. Nd7 Qd8 27. Nc5 Qd6 28. Nxa6 Qxa6 29. Rac1 Qb6 30. h3 Rxc1 31. Rxc1 Rxc1+ 32. Qxc1 h6 33. Qc5 Bd8 34. Qxb6 Bxb6 35. g3 f6 36. h4 Kf7 37. Kg2 e5 38. Kf3 Bxd4 39. Bxd4 exd4 40. Ke2 Ke6 41. f4 g5 42. Kd3 gxh4 43. gxh4 Kf5 44. Kxd4 Kxf4 45. Kxd5 0-1